| 000 | 00905nmm a2200265 a 4500 | ||
|---|---|---|---|
| 001 | ocm000598008 | ||
| 003 | TR-IsHL | ||
| 005 | 20201028132214.0 | ||
| 008 | 131030s2010 tu tur | ||
| 007 | cr cn | ||
| 020 | _a9786055715441 | ||
| 035 |
_a598008 _b(N$T) |
||
| 050 | 0 | 4 |
_aB4873 _b.B85 2010 |
| 090 | 0 | 4 |
_aB4873 _b.B85 2010 |
| 100 | 1 | _aBudak, Ali | |
| 245 | 1 | 0 |
_aMuhaverat - ı hikemiyye: Osmanlı'da Batı'dan yapılan ilk çeviri, inceleme - metin _h[electronic resource] / _cAli Budak |
| 260 |
_aİstanbul : _bBilge Kültür Sanat, _c2010 |
||
| 300 | _a208 p. | ||
| 650 | 4 | _aDil ve Edebiyat | |
| 650 | 4 | _aLanguage and Literature | |
| 650 | 0 |
_aTürk edebiyatı _x İnceleme |
|
| 650 | 0 |
_aTurkish literature _x Review |
|
| 650 | 7 |
_aLITERARY CRITICISM / Middle Eastern _2bisacsh |
|
| 856 | 4 | 0 | _uhttp://search.ebscohost.com/login.aspx?direct=true&scope=site&db=e011xww&AN=598008 |
| 999 |
_c4969 _d4969 |
||